000 00556nam a22001817a 4500
003 OSt
005 20260423092219.0
008 260423b |||||||| |||| 00| 0 eng d
020 _a1-57645-049-x
040 _aDWCL-Main lib.
_cOC
082 _aCirc. 621.3 K144s 2000
100 _aKaralis, Edward
245 _a350 solved electrical Engineering problems/
_cEdward Karalis
260 _bEngineering Press,
_c c2000
300 _aviii 7-26 pages;
_c28 centimeters.
504 _aincludes bibliographical and index.
942 _2ddc
_cBK-CIRC
_hCirc.
_n0
999 _c9811
_d9811